| 000 | 01270cam a22003374a 4500 | ||
|---|---|---|---|
| 001 | 4596 | ||
| 003 | FISKH | ||
| 005 | 20240917151002.0 | ||
| 008 | 000619s2000 nyua b 001 0 eng | ||
| 010 | _a 00055549 | ||
| 020 | _a0789473615 (pbk.) | ||
| 020 | _a9780756658755 | ||
| 020 | _a0789473623 | ||
| 040 |
_aDLC _cDLC _dDLC _beng |
||
| 042 | _aQE521.G36 | ||
| 082 | _a551.21 | ||
| 100 | 1 |
_aGaneri, Anita, _d1961- |
|
| 245 | 1 | 0 |
_aEruption! : _bthe story of volcanoes / _cwritten by Anita Ganeri. |
| 260 |
_aNew York : _bDorling Kindersley, _c2000. |
||
| 300 |
_a32 pages : _bcolor illustrations ; _c23 cm |
||
| 440 | 0 |
_aDorling Kindersley readers. _n2, _pBeginning to read alone |
|
| 505 | _aP | ||
| 520 | _a"Eruption! The Story of Volcanoes is a beautifully designed reader all about these dramatic natural features of our world. Children will love to find out how volcanoes are formed; the damage - and the good - they do; where the best places are to see an eruption; and how to build their own model volcano." | ||
| 521 | 8 |
_a640
_bLexile |
|
| 521 | 8 |
_aP
_bRaz-Plus |
|
| 650 | 0 |
_aVolcanoes _vJuvenile literature. |
|
| 650 | 1 | _aVolcanoes. | |
| 906 |
_a7 _bcbc _corignew _d1 _eocip _f20 _gy-gencatlg |
||
| 942 |
_2ddc _cBK _n0 |
||
| 999 |
_c4596 _d4596 |
||